| 000 | 01563nam a2200277 4500 | ||
|---|---|---|---|
| 001 | 113935 | ||
| 003 | DR-UNIBE | ||
| 005 | 20250723164332.0 | ||
| 008 | 250723b2008 pn ||||| |||| 00| 0 spa d | ||
| 020 | _a 9789962883081 | ||
| 040 |
_aBIBLIOTECA UNIBE _bspa _cBIBLIOTECA UNIBE _erda |
||
| 041 | _aspa | ||
| 082 |
_222 _a346.3 A67m |
||
| 100 | 1 | o |
_aArosemena de Troitiño, Esmeralda, _d1944- _9197669 _eautor |
| 245 |
_aManual de derecho sucesoral panameño / _bEsmeralda Arosemena de Troitiño |
||
| 250 | _aPrimera edición | ||
| 260 |
_aPanamá: _bOrgano Judicial, _c2008 |
||
| 300 |
_a136 página : _c27 x 21 cm |
||
| 505 | _aIntroducción | Derecho sucesoral o hereditario | Derecho sucesoral y herencia | Fundamentos de la sucesión mortis causa en general | Herencia | Constitución del derecho hereditario | Adquisición de la herencia | Beneficios de inventario | Repudiación del derecho hereditario | De la capacidad para heredar | Participación de la herencia | Derechos de representación y derecho de acrecer ┌ Sucesión legal | Institución y sustitución de herederos. Principio de libertad de testar | Acto testamentario sujeto a modalidades | Sucesión testamentaria | Ineficiencia de los testamentos | Anexos | Biografía | ||
| 650 | 7 |
_2lemb _aDerecho sucesorio _zPanamá _9197676 |
|
| 650 | 7 |
_2lemb _aHerencia |
|
| 650 | 7 |
_2lemb _aPartición de bienes _9197677 |
|
| 700 | 1 | 0 |
_aContreras, Marisol _9197672 _ediagramador |
| 710 | 1 | 0 |
_aPaper, computer and retail products _9197673 _ediseñador de portada |
| 942 |
_2ddc _cBK |
||
| 999 |
_c113935 _d113935 |
||